Tibetan yoga and secret doctrines (Record no. 275619)

MARC details
000 -LEADER
fixed length control field 00760nam a2200241Ia 4500
003 - CONTROL NUMBER IDENTIFIER
control field OSt
005 - DATE AND TIME OF LATEST TRANSACTION
control field 20220918222452.0
008 - FIXED-LENGTH DATA ELEMENTS--GENERAL INFORMATION
fixed length control field 220917b |||||||| |||| 00| 0 eng d
037 ## - SOURCE OF ACQUISITION
Terms of availability Textual
040 ## - CATALOGING SOURCE
Original cataloging agency ARTS
Transcribing agency ARTS
Language of cataloging eng
041 ## - LANGUAGE CODE
Source of code eng
Language code of text/sound track or separate title eng
100 ## - MAIN ENTRY--PERSONAL NAME
Personal name Evans-Wentz W Y Ed.
9 (RLIN) 143243
245 #0 - TITLE STATEMENT
Title Tibetan yoga and secret doctrines
Remainder of title or seven books of wisdom of the great path, according to the late Lama Kazi Dawa-Samdup's english rendering
260 ## - PUBLICATION, DISTRIBUTION, ETC.
Place of publication, distribution, etc. Delhi
Name of publisher, distributor, etc. Pilgrims book pvt. Ltd.
Date of publication, distribution, etc. 1999
300 ## - PHYSICAL DESCRIPTION
Extent xxiv, 389p
Dimensions cm.
500 ## - GENERAL NOTE
General note Rep. of 1935
942 ## - ADDED ENTRY ELEMENTS (KOHA)
Classification part Q43:412, N9
Koha item type Textual
Source of classification or shelving scheme Colon Classification (CC)
Holdings
Withdrawn status Lost status Damaged status Not for loan Home library Current library Date acquired Total Checkouts Full call number Barcode Date last seen Price effective from Koha item type
        Arts Library Arts Library 2022-09-18   Q43:412 N9 AL1214349 2022-09-18 2022-09-18 Textual
Copyright @ Delhi University Library System